|
|
|
|
| LEADER |
00000nab a2200000 a 4500 |
| 001 |
vtls009484618 |
| 003 |
SK-MaSNL |
| 005 |
20260304181340.0 |
| 008 |
241209c2009 xo |||||| | ||00 b|slo |
| 015 |
|
|
|a SNBRB2009/03
|2 snkbucl
|
| 038 |
|
|
|a SNKBUCL
|
| 040 |
|
|
|a SNKBUCL
|b slo
|c SNKBUCL
|e AACR2
|
| 041 |
0 |
|
|a slo
|
| 044 |
|
|
|a xo
|c SK
|
| 080 |
|
|
|a 821.164.2-1
|2 2001
|
| 100 |
1 |
|
|a Križka, Teodor,
|d 1956-
|4 aut
|9 206539
|
| 245 |
1 |
0 |
|a Ďaleké vraždy
|c Teodor Križka
|
| 650 |
0 |
7 |
|a slovenská literatúra
|2 snkbucl
|9 1115
|
| 655 |
|
7 |
|a slovenská poézia
|2 snkbucl
|9 70444
|
| 773 |
0 |
|
|t Kultúra
|g Roč. XII, č. 5 (2009), s. 3
|x 1336-3470
|
| 852 |
|
|
|a SNK
|b KIS3GCP
|
| 856 |
4 |
1 |
|u http://www.kultura-fb.sk/new/old/archive/pdf/kult0509.pdf
|
| 958 |
|
|
|a LX
|
| 999 |
|
|
|c 3023421
|d 3025351
|